LEADER 01090nam0-2200325---450- 001 990008807260403321 005 20090216152449.0 035 $a000880726 035 $aFED01000880726 035 $a(Aleph)000880726FED01 035 $a000880726 100 $a20090216d1966----km-y0itay50------ba 101 0 $afre 102 $aFR 105 $aa-------001yy 200 1 $aDiscours de la méthode$esuivi d'extraits de la Dioptrique, des Météores, de la Vie de Descartes par Baillet, du Monde, de l'Homme et de Lettres$fRené Descartes$gchronologie et préface par Geneviève Rodis-Lewis 210 $aParis$cFlammarion$dc1966 215 $a252 p.$cill.$d18 cm 225 1 $aGarnier-Flammarion brochée$v109 610 0 $aFilosofia 610 0 $aStoria della filosofia 700 1$aDescartes,$bRené$f<1596-1650>$0340660 702 1$aRodis-Lewis,$bGeneviève$f<1918-2004> 801 0$aIT$bUNINA$gRICA$2UNIMARC 901 $aBK 912 $a990008807260403321 952 $aF.D.i. 0152$bF.D.i. 152$fFI1 959 $aFI1 996 $aDiscours de la méthode$912998 997 $aUNINA LEADER 01355nam2-2200421---450- 001 990003627970203316 005 20120228093726.0 035 $a000362797 035 $aUSA01000362797 035 $a(ALEPH)000362797USA01 035 $a000362797 100 $a20120222d1971----km-y0itay50------ba 101 $arus$cchi 102 $aRU 105 $aa|||||||001yy 200 1 $aPovesti$aRasskazy$fLu-Sin 210 $aMoskva$cHudo?estvennaja literatura$d1971 215 $a494 p., [9] p. di tav.$cill.$d20 cm 225 2 $aBiblioteka vsemirnoj literatury$v82 300 $aAutore e titoli delle opere in russo, traslitterati 410 0$1001000362594$12001$aBiblioteka vsemirnoj literatury$v, 82 676 $a895.1351 700 1$aLu Xun$0495321 801 0$aIT$bsalbc$gISBD 912 $a990003627970203316 951 $aVIII.1. Coll. 4/ 17$b6934 L.G.$cVIII.1. Coll.$d00307207 959 $aBK 969 $aUMA 979 $aIANNONE$b90$c20120222$lUSA01$h1249 979 $aCHIARA$b90$c20120222$lUSA01$h1349 979 $aCHIARA$b90$c20120224$lUSA01$h1411 979 $aCHIARA$b90$c20120224$lUSA01$h1433 979 $aCHIARA$b90$c20120224$lUSA01$h1446 979 $aCHIARA$b90$c20120224$lUSA01$h1451 979 $aIANNONE$b90$c20120228$lUSA01$h0937 996 $aRasskazy$91138483 996 $aPovesti$91138482 997 $aUNISA